000 00790cam a2200253 a 4500
999 _c112856
_d112856
001 17363772
005 20190612104726.0
008 120627s2013 maua b 001 0 eng
020 _a9780132612630 (hbk.)
020 _a0132612631 (hbk.)
020 _a9780133061468 (hbk.)
020 _a0133061469 (hbk.)
040 _cPK-LaUMT
082 0 0 _a616.855
_223
_bBER-A
100 1 _aBernthal, John E.
245 1 0 _aArticulation and phonological disorders :
_bspeech sound disorders in children /
_cby John E. Bernthal, Nicholas W. Bankson, Peter Flipsen
250 b _a7th ed.
260 _aBoston :
_bPearson,
_c2013
300 _aviii, 447 p. :
_bill. ;
_c24 cm.
650 0 _aArticulation disorders.
700 1 _aBankson, Nicholas W.
700 1 _aFlipsen, Peter,
942 _cBK